000 00310nam a2200133Ia 4500
008 151001s9999||||xx |||||||||||||| ||und||
100 _aहरी नारायण आपटे
245 _aमी
250 _a1
260 _bआपटे ह ना
260 _c1916
300 _a566
365 _b8.5
999 _c950988
_d950985